000
00263nam a2200109Ia 4500
008
260210s9999 xx 000 0 und d
020
_a
9787560982939
100
_a
Hustp
245
0
_a
Urban Landscape Decoration (Price Printed)
260
_b
Hustp
942
_c
BPLAN
999
_c
14229
_d
14229